000 00521nam a2200217Ia 4500
003 OSt
005 20250618160632.0
008 210707s1981 xx 000 0 und d
040 _cAL
041 _aeng
082 _a301 MACS
100 _aR M Maciver
_9210263
110 _aCharles H Page
_9210264
245 _aSociety an introductory analysis
260 _aIndia
_bMacmillan India Ltd.
_c1981
300 _axvii,697 p
365 _b55
_cINR
563 _aPB
650 _aSociology
_9210265
942 _2ddc
_cBK
999 _c180099
_d180099